| 000 | 01015cam a2200277 a 4500 | ||
|---|---|---|---|
| 001 | 000006617 | ||
| 005 | 20200929153948.0 | ||
| 008 | 890209s1987 pr 000 0bspa d | ||
| 020 | _a086581399X (v.1) | ||
| 020 | _a0865814139 (v.2) | ||
| 035 | _a(DLC) 89112544 | ||
| 040 |
_aDO-SdBNP _bspa _cICU _dICU _dBNPHU |
||
| 082 |
_aPR861.4 _bM433d, 1987 |
||
| 100 | 1 |
_aMatos Paoli, Francisco, _d1915-2000 _99173 |
|
| 245 | 1 | 0 |
_aDiario de un poeta / _cFrancisco Matos Paoli ; edición de Juan B. Huyke Freiría y Henry Cobb Gorbea. |
| 250 | _a2a ed. | ||
| 260 |
_a[San Juan, Puerto Rico] : _bInstituto de Cultura Puertorriqueña ; _bDivisión de Publicaciones y Grabaciones, _c1987. |
||
| 300 |
_a2 v. ; _c23 cm. |
||
| 600 | 1 | 4 |
_aMATOS PAOLI, FRANCISCO, _d1915-2000 _99173 |
| 650 | 4 |
_aPoesía puertorriqueña _91015 |
|
| 650 | 4 |
_aLiteratura puertorriqueña _9250 |
|
| 700 | 1 |
_aHuyke Freiría, Juan B., _eed. _918362 |
|
| 700 | 1 |
_aCobb Gorbea, Henry, _eed. _918363 |
|
| 910 | _aCatalogación por copia / LC | ||
| 910 | _aWM | ||
| 999 |
_c6407 _d6407 |
||